[Event "Poznan op 20th"]
[Site "Poznan"]
[Date "2011.07.22"]
[Round "7"]
[White "Jarmuzek, Karolina"]
[Black "Palasz, Miroslaw"]
[Result "1-0"]
[WhiteElo "1559"]
[BlackElo "1703"]
[PlyCount "91"]
[EventDate "2011.07.16"]
[EventType "swiss"]
[EventRounds "9"]
[EventCountry "POL"]
[SourceTitle "CBM 143 Extra"]
[Source "ChessBase"]
[SourceDate "2011.08.29"]
[SourceVersion "1"]
[SourceVersionDate "2011.08.29"]
[SourceQuality "1"]

1. e4 d6 2. d4 Nf6 3. Nc3 c6 4. Be3 Qa5 5. f3 Qb6 6. Na4 Qa5+ 7. Nc3 e5 8. Qd2 Be7 9. 0-0-0 b5 10. Kb1 a6 11. dxe5 dxe5 12. g4 0-0 13. Nd5 Qd8 14. Bb6 Qd6 15. Nc7 Qxd2 16. Rxd2 Bb7 17. Nxa8 Bxa8 18. Be3 c5 19. Bg2 h6 20. Ne2 Nc6 21. Ng3 Re8 22. Nf5 Bf8 23. c3 Na5 24. b3 c4 25. b4 Nc6 26. Rhd1 a5 27. bxa5 b4 28. Nd6 Rb8 29. Kc2 b3+ 30. axb3 cxb3+ 31. Kb1 Nxa5 32. Ba7 Rd8 33. Bb6 Rd7 34. Bxa5 Bc6 35. Nc4 Ra7 36. Bb4 Bxb4 37. cxb4 Ra4 38. Nxe5 Bb5 39. Rd8+ Kh7 40. h4 Ra2 41. R1d2 Nd7 42. Rxa2 bxa2+ 43. Ka1 Nxe5 44. Rd5 Nxg4 45. fxg4 Be2 46. b5 1-0

[Event "Poznan op 20th"]
[Site "Poznan"]
[Date "2011.07.21"]
[Round "6"]
[White "Jaskowski, Tadeusz"]
[Black "Jarmuzek, Karolina"]
[Result "1-0"]
[WhiteElo "1914"]
[BlackElo "1559"]
[PlyCount "87"]
[EventDate "2011.07.16"]
[EventType "swiss"]
[EventRounds "9"]
[EventCountry "POL"]
[SourceTitle "CBM 143 Extra"]
[Source "ChessBase"]
[SourceDate "2011.08.29"]
[SourceVersion "1"]
[SourceVersionDate "2011.08.29"]
[SourceQuality "1"]

1. e4 c5 2. Nf3 Nc6 3. d4 cxd4 4. Nxd4 Nf6 5. Nc3 d6 6. f3 e5 7. Nb3 Be7 8. Be3 0-0 9. Qd2 Be6 10. 0-0-0 a5 11. Kb1 a4 12. Nc1 Qa5 13. a3 Rfb8 14. Nb5 Qxd2 15. Rxd2 Rd8 16. Be2 Ne8 17. Rhd1 Na5 18. Bb6 Rdc8 19. Bxa5 Rxa5 20. g3 Bd7 21. Nc3 Bc6 22. f4 Nf6 23. Bf3 h6 24. N1a2 exf4 25. gxf4 Raa8 26. Nb4 Kf8 27. Re1 Nd7 28. Bg4 Ke8 29. Ncd5 Bxd5 30. Nxd5 Ra6 31. e5 Bf8 32. Nc7+ Kd8 33. Nxa6 bxa6 34. Red1 Rb8 35. exd6 Nf6 36. Bf3 Kd7 37. Rd4 g6 38. Rxa4 Rb6 39. c4 Rb3 40. Bh1 Bg7 41. c5 Ng4 42. c6+ Kd8 43. c7+ Kd7 44. Bc6+ 1-0

[Event "POL-ch U16 Girls"]
[Site "Murzasichle"]
[Date "2011.03.11"]
[Round "8"]
[White "Kowalewska, Agata"]
[Black "Jarmuzek, Karolina"]
[Result "1-0"]
[WhiteElo "1658"]
[BlackElo "1529"]
[PlyCount "143"]
[EventDate "2011.03.05"]
[EventType "swiss"]
[EventRounds "9"]
[EventCountry "POL"]
[SourceTitle "EXT 2013"]
[Source "ChessBase"]
[SourceDate "2012.11.22"]
[SourceVersion "1"]
[SourceVersionDate "2012.11.22"]
[SourceQuality "1"]

1. e4 c5 2. Nf3 Nc6 3. d4 cxd4 4. Nxd4 Nf6 5. Nc3 d6 6. Be3 e5 7. Nb3 Be7 8. Bc4 0-0 9. 0-0 a5 10. a4 Nb4 11. h3 Be6 12. Bxe6 fxe6 13. f3 d5 14. exd5 exd5 15. Nb5 d4 16. Bf2 Nc6 17. f4 exf4 18. N3xd4 Nxd4 19. Bxd4 Nd5 20. Qg4 Bf6 21. Qe6+ Kh8 22. Rad1 Nc7 23. Qg4 Bxd4+ 24. Rxd4 Qc8 25. Nxc7 Qxc7 26. Rdxf4 Rxf4 27. Qxf4 Qb6+ 28. Kh1 h6 29. Qe4 Rc8 30. Rf7 Rd8 31. Rf1 Qc7 32. c3 Rc8 33. Qd3 Qc6 34. b3 Qc7 35. c4 Rd8 36. Qe4 b6 37. Qf4 Qc6 38. Qg4 Qc7 39. Qe6 Qb8 40. Re1 Qc7 41. Qg6 Qd7 42. Qxb6 Qd2 43. Qe3 Qd6 44. c5 Qd5 45. Rc1 Qc6 46. Qf3 Qxf3 47. gxf3 Rc8 48. Kg2 Rc6 49. f4 Kg8 50. Kf3 Kf7 51. Ke4 Ke6 52. f5+ Kd7 53. Kd5 Rf6 54. Ke5 Rc6 55. Rd1+ Kc7 56. Rd5 Kc8 57. Kd4 Kc7 58. Kc4 g6 59. Kb5 gxf5 60. Rxf5 Re6 61. Rf7+ Kc8 62. Kxa5 Re3 63. b4 Rxh3 64. c6 Re3 65. b5 Re8 66. Kb6 Rh8 67. a5 h5 68. a6 Kb8 69. a7+ Ka8 70. c7 Rh6+ 71. Ka5 Rh8 72. b6 1-0

[Event "POL-ch U16 Girls"]
[Site "Murzasichle"]
[Date "2011.03.08"]
[Round "5"]
[White "Kaczor, Katarzyna"]
[Black "Jarmuzek, Karolina"]
[Result "0-1"]
[WhiteElo "1614"]
[BlackElo "1529"]
[PlyCount "50"]
[EventDate "2011.03.05"]
[EventType "swiss"]
[EventRounds "9"]
[EventCountry "POL"]
[SourceTitle "EXT 2013"]
[Source "ChessBase"]
[SourceDate "2012.11.22"]
[SourceVersion "1"]
[SourceVersionDate "2012.11.22"]
[SourceQuality "1"]

1. e4 c5 2. Nf3 Nc6 3. d4 cxd4 4. Nxd4 Nf6 5. Nc3 d6 6. Bg5 e6 7. Qd2 a6 8. 0-0-0 Nxd4 9. Qxd4 Be7 10. f4 0-0 11. a3 Qc7 12. Bxf6 gxf6 13. g4 Kh8 14. g5 e5 15. Nd5 Qd8 16. Qf2 exf4 17. gxf6 Bxf6 18. Nxf4 Bg7 19. Kb1 f5 20. Qe1 Qf6 21. c3 Qf7 22. exf5 Qxf5+ 23. Nd3 Be6 24. Ka1 Qd5 25. Nb4 Qxh1 0-1

[Event "POL-ch U16 Girls"]
[Site "Murzasichle"]
[Date "2011.03.06"]
[Round "2"]
[White "Jarmuzek, Karolina"]
[Black "Larysz, Anna"]
[Result "1-0"]
[WhiteElo "1529"]
[BlackElo "1466"]
[PlyCount "105"]
[EventDate "2011.03.05"]
[EventType "swiss"]
[EventRounds "9"]
[EventCountry "POL"]
[SourceTitle "EXT 2013"]
[Source "ChessBase"]
[SourceDate "2012.11.22"]
[SourceVersion "1"]
[SourceVersionDate "2012.11.22"]
[SourceQuality "1"]

1. e4 e6 2. d4 d5 3. Nc3 Nf6 4. Bg5 Be7 5. e5 Nfd7 6. Bxe7 Qxe7 7. f4 a6 8. Nf3 c5 9. dxc5 Nxc5 10. Bd3 Nc6 11. 0-0 b5 12. Kh1 Bb7 13. Ne2 Rc8 14. Ned4 Nb4 15. Be2 Na4 16. c3 Nc6 17. Qd2 0-0 18. Rae1 f5 19. exf6 Rxf6 20. Nxc6 Bxc6 21. Ne5 Nc5 22. Bd3 Nd7 23. Qc2 Nxe5 24. Rxe5 h6 25. f5 Re8 26. Rfe1 Qf7 27. Qe2 Bd7 28. fxe6 Rexe6 29. Rxe6 Qxe6 30. Qxe6+ Rxe6 31. Rxe6 Bxe6 32. Kg1 Kf7 33. Kf2 Kf6 34. Ke3 Ke5 35. a4 Bd7 36. h3 g5 37. a5 h5 38. Be2 h4 39. b3 Bc6 40. Bg4 b4 41. cxb4 d4+ 42. Kf2 Bb5 43. Bf3 Kf4 44. Bd5 d3 45. Bc4 d2 46. Ke2 Bc6 47. Bxa6 Bxg2 48. Bc8 Ke5 49. b5 Kd6 50. b6 Kc6 51. Kxd2 g4 52. Bxg4 Kb7 53. b4 1-0